| 000 | 00563nam a2200169 a 4500 | ||
|---|---|---|---|
| 001 | 000003749 | ||
| 005 | 20200929150544.0 | ||
| 008 | 090713s2004 dr ac r 000 0 spa d | ||
| 040 |
_aDO-SdBNP _bspa _cBNPHU |
||
| 082 |
_axxx _bP349f |
||
| 100 | 1 |
_aPeña Franjul, Marcos _911408 |
|
| 245 | 1 | 0 |
_aFranjul : _bUna familia del banilejismo / _cMarcos Peña Franjul. |
| 260 |
_a[Santo Domingo] : _bInstituto Dominicano de Ambiente y Sociedad, _c199? |
||
| 300 |
_a139 p. : _bil., retrs. |
||
| 500 | _aIncluye índice | ||
| 500 | _aIncluye referencias bibliográficas (139 p.) | ||
| 999 |
_c3571 _d3571 |
||